000 00503 a2200205 4500
005 20260424162029.0
008 260424b |||||||| |||| 00| 0 eng d
020 _a9789384761547
_cRs. 295.00
040 _aMAIN
082 _a001
_bK147G
100 _aKarna, Binay
245 _aGeneral knowledge
260 _bLucent Publication
_aPatna
_c2025
300 _a498
650 _aGeneral Knowledge
650 _aExamination
700 _aSanjiv Kumar
700 _aMukul, Manwendra
942 _cBK
999 _c396649
_d396649